000 00835nam a22002651 4500
999 _c6237
_d6237
001 6237
003 BD-JhCC
005 20180117123331.0
008 840207s1966 maua b 000 0 eng
035 _a(BD-JhCC)6237
040 _aDLC/ICU
_cICU
_dDLC
041 _aeng
050 0 0 _aQA331
_b.K33 1966
082 0 0 _a517.8
_bKAP 1966
100 1 _aKaplan, Wilfred,
_d1915-
245 1 0 _aIntroduction to analytic functions /
_cWilfred Kaplan
260 _aReading, Mass :
_bAddison-Wesley Pub. Co.,
_c1966.
300 _aix, 212 p.
_billus.
_c24 cm.
440 0 _aAddison-Wesley series in mathematics
500 _a"A revised and ... enlarged version of the author's A first course in functions of a complex variable."
504 _aBibliography: p. 205-206.
650 0 _aAnalytic functions.
942 _2ddc
_cBK